Statistiques concernant Cinq entreprises leader par secteur

Cliquez ici pour prendre le quiz!

Statistiques générales

  • Ce quiz a été pris 415 fois
  • Le résultat moyen est 12 sur 30

Statistiques - réponses

PaysEntreprises% Correct
Equipe de footballEspagneFC Barcelone
88%
Equipe de footballEspagneReal Madrid
87%
Compagnies aériennesFrance/Pays-BasAir France- KLM
83%
Grande distributionFranceCarrefour
82%
Equipe de footballAllemagneBayern Munich
79%
HorlogerieSuisseRolex
79%
Equipe de footballRoyaume-UniManchester United
73%
Produits laitiersSuisseNestlé
72%
Equipe de footballRoyaume-UniManchester City
68%
Produits laitiersFranceDanone
66%
Grande distributionEtats-UnisWalmart
66%
Jeu vidéoJaponSony
57%
Jeu vidéoEtats-UnisMicrosoft
47%
Compagnies aériennesAllemagneLufthansa
45%
Compagnies aériennesEtats-UnisAmerican Airlines
41%
Produits laitiersFranceLactalis
36%
Compagnies aériennesEtats-UnisDelta Airlines
25%
HorlogerieFranceCartier
19%
Compagnies aériennesEtats-UnisUnited Continental Holdings
18%
Jeu vidéoEtats-UnisActivision Blizzard
15%
HorlogerieSuisseOmega
15%
HorlogerieSuissePatek Philippe
14%
Jeu vidéoChineTencent
14%
Jeu vidéoEtats-UnisApple
13%
Grande distributionRoyaume-UniTesco
13%
HorlogerieSuisseLongines
3%
Grande distributionJaponAeon
0%
Produits laitiersNouvelle-ZélandeFonterra
0%
Produits laitiersPays-BasFrieslandCampina
0%
Grande distributionEtats-UnisKrogger
0%

Distribution des résultats

Percentile par nombre de réponses

% des personnes avec chaque résultat

Votre développement - résultats

Vous n’avez pas pris ce quiz